ブドウの生産量が多い国 - Statistics

General Stats
  • This quiz has been taken 145 times
  • The average score is 14 of 20
Answer Stats
生産量 % Correct
イタリア 840万
95%
フランス 620万
95%
アメリカ 540万
95%
スペイン 590万
93%
中国 1260万
89%
ポルトガル 903.5K
84%
ブラジル 150万
82%
ドイツ 120万
79%
インド 340万
78%
ロシア 889.5K
75%
チリ 240万
72%
アルゼンチン 190万
71%
オーストラリア 120万
68%
トルコ 420万
66%
ペルー 918.9K
59%
エジプト 160万
55%
南アフリカ 210万
53%
イラン 140万
50%
ウズベキスタン 180万
23%
アフガニスタン 91万
18%
No matching quizzes found
Score Distribution
Percent of People with Each Score
Percentile by Number Answered
Your Score History
You have not taken this quiz